| 000 | 00650nam a2200193 i 4500 | ||
|---|---|---|---|
| 001 | 39219 | ||
| 003 | ES-MaACL | ||
| 005 | 20250905063038.0 | ||
| 007 | t| | ||
| 008 | 030227s1857 fr ||||1| fre d | ||
| 100 | 1 |
_aCambouliu, François Romain, _d1820-1869 _934034 |
|
| 245 | 1 | 0 |
_aEssai sur l'histoire de la littérature catalane / _cpar F.-R. Cambouliu. |
| 260 |
_aParís : _bDurand, _c1857. |
||
| 300 |
_a70 p. ; _c. |
||
| 500 | _aExtrait des "Mémoires de l'Académie de Montpellier". Section des lettres. | ||
| 650 | 4 |
_aLiteratura catalana- _xHistoria y crítica. _914515 |
|
| 852 |
_aES-MaACL _jT-173-F-3 |
||
| 999 |
_c39219 _d39219 |
||